Central Library OPAC University of Rajshahi

Ripples in mathematics : (Record no. 69818)

MARC details
000 -LEADER
fixed length control field 01111nam a2200289 a 4500
001 - CONTROL NUMBER
control field 69818
003 - CONTROL NUMBER IDENTIFIER
rucl marc code BD-RjUL
005 - DATE AND TIME OF LATEST TRANSACTION
control field 20211209081929.0
008 - FIXED-LENGTH DATA ELEMENTS--GENERAL INFORMATION
fixed length control field 170413r20052001ii a b 001 0 eng
020 ## - INTERNATIONAL STANDARD BOOK NUMBER
International Standard Book Number 3540416625 (softcover : alk. paper)
International Standard Book Number 818128061X
035 ## - SYSTEM CONTROL NUMBER
System control number (BD-RjUL)70030
040 ## - CATALOGING SOURCE
Original cataloging agency DLC
Transcribing agency DLC
Modifying agency BD-RjUL
Language of cataloging eng
041 ## - LANGUAGE CODE
Language code of text/sound track or separate title eng
082 00 - DEWEY DECIMAL CLASSIFICATION NUMBER
Classification number 515.2433
Edition number 23
Author mark and year JER 2005
100 1# - MAIN ENTRY--PERSONAL NAME
Personal name Jensen, A.
Fuller form of name (Arne),
Dates associated with a name 1950-
9 (RLIN) 206788
245 10 - TITLE STATEMENT
Title Ripples in mathematics :
Remainder of title the discrete wavelet transform /
Statement of responsibility, etc. A. Jensen and A. La Cour-Harbo.
260 ## - PUBLICATION, DISTRIBUTION, ETC. (IMPRINT)
Place of publication, distribution, etc. Berlin ;
-- New York :
Name of publisher, distributor, etc. Springer,
Date of publication, distribution, etc. c2001 [reprinted 2005].
300 ## - PHYSICAL DESCRIPTION
Pagination ix, 246 p. :
Illustrations ill. ;
Size 24 cm.
504 ## - BIBLIOGRAPHY, ETC. NOTE
Bibliography, etc Includes bibliographical references (p. [239]-240) and index.
650 #0 - SUBJECT ADDED ENTRY--TOPICAL TERM
Topical term or geographic name as entry element Wavelets (Mathematics)
9 (RLIN) 161294
700 1# - ADDED ENTRY--PERSONAL NAME
Personal name La Cour-Harbo, A.
Fuller form of name (Anders),
Dates associated with a name 1973-
856 42 - ELECTRONIC LOCATION AND ACCESS
Materials specified Publisher description
Uniform Resource Identifier <a href="http://www.loc.gov/catdir/enhancements/fy0816/2001020907-d.html">http://www.loc.gov/catdir/enhancements/fy0816/2001020907-d.html</a>
Materials specified Table of contents only
Uniform Resource Identifier <a href="http://www.loc.gov/catdir/enhancements/fy0816/2001020907-t.html">http://www.loc.gov/catdir/enhancements/fy0816/2001020907-t.html</a>
942 ## - ADDED ENTRY ELEMENTS (KOHA)
Source of classification or shelving scheme Dewey Decimal Classification
Koha item type Books
Holdings
Lost status Source of classification or shelving scheme Damaged status Not for loan Collection code Permanent Location Current Location Shelving location Date acquired Source of acquisition Cost, normal purchase price Total Checkouts Full call number Date last seen Copy number Koha item type
  Dewey Decimal Classification   Not For Loan Non-fiction Central Library, University of Rajshahi Central Library, University of Rajshahi Reading Room 17/08/2010 Dhaka,Paragon Enterprise 295.00   515.2433 JER 2005 13/04/2017 C-1 Books